Statistiques concernant Les 8 départements composant la région Ile de France

Cliquez ici pour prendre le quiz!

Statistiques générales

  • Ce quiz a été pris 291 fois
  • Le résultat moyen est 7 sur 8

Statistiques - réponses

Départements% Correct
Paris
97%
Seine Saint-Denis
92%
Yvelines
89%
Val de Marne
87%
Essonne
86%
Seine-et-Marne
86%
Val d'Oise
84%
Hauts de Seine
82%

Distribution des résultats

Percentile par nombre de réponses

% des personnes avec chaque résultat

Votre développement - résultats

Vous n’avez pas pris ce quiz